| 000 | 01135nam a22002537a 4500 | ||
|---|---|---|---|
| 005 | 20240530110431.0 | ||
| 008 | 150331s2009 ua ado g 000 0 ara d | ||
| 017 |
_a2009/7094 _bمصر . دار الكتب المصرية |
||
| 020 | _a9789774553217 | ||
| 040 | _aEG-CaGPL | ||
| 082 | 0 | 4 |
_221 _a005.34\ _bج ص |
| 100 | 1 | _aجافى ، جستين | |
| 245 | 1 | 0 |
_aصمم بنفسك مشروعات اللاب توب / _cتاليف جستين جافى ، براين نادل ؛ الترجمة باعتماد خالد العامرى |
| 250 | _aط1 | ||
| 260 |
_aالقاهرة : _bدار الفاروق للاستثمارات الثقافية ، _c2009. |
||
| 300 |
_a312 ص : _bايض ؛ _c24 سم. |
||
| 650 | 0 | 4 | _aالحاسبات الالكترونية الشخصية |
| 650 | 0 | 4 |
_aالحاسبات الالكترونية الشخصية _xادارة برامج |
| 650 | 0 | 4 |
_aالحاسبات الالكترونية الشخصية _xاستخدامات |
| 700 | 1 |
_aنادل ، براين _eمؤلف مشارك |
|
| 700 | 0 |
_aخالد العامرى _eمترجم |
|
| 942 |
_2ddc _cBK |
||
| 999 |
_c60841 _d60841 |
||